000 02209cam a22004814i 4500
003 PE-LiUPU
005 20250731184517.0
008 150617s r 000 0 d
035 _a(Sirsi) a17548
040 _aPE-LiUPU
_bspa
_cPE-LiUPU
_erda
049 _aPRUA
082 0 4 _a985.2
_bU26l
_221
100 1 _aUgarte Elespuru, Juan Manuel,
_eautor.
245 1 0 _aLima y lo limeño /
_cJuan Manuel Ugarte Elespuru.
250 _aTercera edición
264 1 _aLima :
_bEditorial Universitaria,
_c1967.
300 _a282 páginas ;
_c25 centímetros.
336 _atext
_2rdacontent
337 _aunmediated
_2rdamedia
338 _avolume
_2rdacarrier
504 _aIncluye bibliografía.
505 0 _aDintormo. -El testimonio de los viajeros. -Análisis de las opiniones de los viajeros. -Ambiente cultural. -Tauromaquia. -Usos y costumbres. -El teatro. -La vida literaria. -Las artes como imagen del medioa ambiente. -La vida familiar. -Fisonomía social. -Modus vivendi. -El volcán dormido. -la masa de nuestra historia. -Fisonomía urbana. -Ingredientes raciales en el mestizaje limeño. -Capitalidad. -La factoría colonial. -La gestación del ánimo levantisco. -Bailes. -caracterología limeña. -La justa valoración. -La sociedad colonial. -La sociedad colonial en el interior. -Cuzco colonial. -Factores de la decadencia del virreinato. -La colonia bajo los Borbones. -Estertores del virreinato. -La sociedad republicana. -La tragicomedia republicana.
526 _aP136
526 _aP135
526 _aP134
526 _aP133
526 _aP144
526 _aP143
526 _aP87
526 _aP35
526 _aP20
526 _aP14
526 _aP10
526 _aP06
651 _aLima
_xUsos y costumbres.
910 _ajck
942 _2ddc
_cBK
949 _a390.8520933 U26
_wDEWEY
_c1
_i19225
_lCCODEBUL1
_mBUL
_p00.00
_r0
_sY
_tBOOK
_u19761027
_xEDUCACION
_zUNKNOWN
_0COMPRA
_o.STAFF. Colección General
949 _a390.8520933 U26
_wDEWEY
_c2
_i14910
_lCCODEBUL1
_mBUL
_p00.00
_r0
_sY
_tBOOK
_u19761027
_xEDUCACION
_zUNKNOWN
_0COMPRA
_o.STAFF. Colección General
999 _c17140
_d17140
980 _81
_gALBERTO SANCHEZ Responsable de Automatización